000 00232nam a22000977a 4500
100 _aVasanthagesan, M.
245 _aRubber kayattumathikku dhrutha nadapadi
260 _bKarshakasree, 30(4): 2024. 8.
300 _bApril
942 _cJS
999 _c75197
_d75197